<?xml version="1.0" encoding="UTF-8"?>
<record
    xmlns:xsi="http://www.w3.org/2001/XMLSchema-instance"
    xsi:schemaLocation="http://www.loc.gov/MARC21/slim http://www.loc.gov/standards/marcxml/schema/MARC21slim.xsd"
    xmlns="http://www.loc.gov/MARC21/slim">

  <leader>00581nam a22001577a 4500</leader>
  <datafield tag="999" ind1=" " ind2=" ">
    <subfield code="c">132915</subfield>
    <subfield code="d">132915</subfield>
  </datafield>
  <controlfield tag="005">20231218111643.0</controlfield>
  <controlfield tag="008">231218b           ||||| |||| 00| 0 eng d</controlfield>
  <datafield tag="040" ind1=" " ind2=" ">
    <subfield code="c">PK-LaUMT</subfield>
  </datafield>
  <datafield tag="082" ind1=" " ind2=" ">
    <subfield code="a">APC 297.379142</subfield>
    <subfield code="b">NOS-M</subfield>
  </datafield>
  <datafield tag="100" ind1=" " ind2=" ">
    <subfield code="a">Nosha Gunj Bakhsh, Muhammad = &#x646;&#x648;&#x634;&#x6C1; &#x6AF;&#x646;&#x62C; &#x628;&#x62E;&#x634; &#x60C; &#x645;&#x62D;&#x645;&#x62F;</subfield>
  </datafield>
  <datafield tag="245" ind1=" " ind2=" ">
    <subfield code="a">Mawaez nosha pir =  &#x645;&#x648;&#x627;&#x639;&#x638; &#x646;&#x648;&#x634;&#x6C1; &#x627;&#x644;&#x645;&#x639;&#x631;&#x648;&#x641; &#x646;&#x648;&#x634;&#x6C1; &#x67E;&#x6CC;&#x631; &#x62F;&#x6CC;&#x627;&#x6BA; &#x633;&#x645;&#x62C;&#x6BE;&#x627;&#x648;&#x646;&#x6CC;&#x627;&#x6BA; /</subfield>
    <subfield code="c">by Muhammad Noshta Gunj Bakhsh = &#x645;&#x62D;&#x645;&#x62F; &#x646;&#x648;&#x634;&#x6C1; &#x6AF;&#x646;&#x62C; &#x628;&#x62E;&#x634;</subfield>
  </datafield>
  <datafield tag="260" ind1=" " ind2=" ">
    <subfield code="a">Lahore :</subfield>
    <subfield code="b">Taj Book Depot,</subfield>
    <subfield code="c">1996</subfield>
  </datafield>
  <datafield tag="300" ind1=" " ind2=" ">
    <subfield code="a">55 p.</subfield>
  </datafield>
  <datafield tag="546" ind1=" " ind2=" ">
    <subfield code="a">Punjabi</subfield>
  </datafield>
  <datafield tag="942" ind1=" " ind2=" ">
    <subfield code="c">BK</subfield>
  </datafield>
  <datafield tag="952" ind1=" " ind2=" ">
    <subfield code="0">0</subfield>
    <subfield code="1">0</subfield>
    <subfield code="4">0</subfield>
    <subfield code="7">0</subfield>
    <subfield code="a">01</subfield>
    <subfield code="b">01</subfield>
    <subfield code="d">2023-12-18</subfield>
    <subfield code="l">0</subfield>
    <subfield code="o">APC 297.379142 NOS-M</subfield>
    <subfield code="p">145876</subfield>
    <subfield code="r">2023-12-18 00:00:00</subfield>
    <subfield code="w">2023-12-18</subfield>
    <subfield code="y">BK</subfield>
  </datafield>
</record>
